Szczegóły MARC21

Deutsche Grammatik für alle : repetytorium gramatyczne języka niemieckiego /

003 -Nazwa inst., której nr kontr. jest w polu 001 [,]
    • @
    • Nazwa instytucji, której n kontrolny jest w polu 001
    • NUKAT
005 -DATA I CZAS OSTATNIEJ MODYFIKACJI [,]
    • @
    • pole kontrolne
    • 20241231095026.0
020 -Międzynarod. znormalizowany nr książki - ISBN [ , ]
    • a
    • Numer ISBN
    • 9788375611175 Find
040 -Instytucja sporządzająca opis [ , ]
    • a
    • Instytucja, która sporządziła opis (NP)
    • Ł U/BK
    • c
    • Instytucja, która sporządziła rekord (NP)
    • Ł U/BK
    • d
    • Instytucja, która zmodyfikowała rekord (P)
    • Ł U/GS
    • d
    • Instytucja, która zmodyfikowała rekord (P)
    • Ł U/RRs
041 -Język dokumentu [0, ]
    • a
    • Język tekstu (P)
    • polski
    • a
    • Język tekstu (P)
    • niemiecki
942 -Rodzaj dokumentu [ , ]
    • c
    • Rodzaj dokumentu
    • Książka
100 -Hasło główne - nazwa osobowa [1, ]
    • a
    • Nazwa osobowa (NP)
    • Matusiak, Katarzyna
    • c
    • Dopowiedzenie inne niż daty biograficzne (P)
    • (język niemiecki).
    • 9
    • KHW
    • 467991
245 -Strefa tytułu i oznaczenia odpowiedzialności [1,0]
    • a
    • Tytuł
    • Deutsche Grammatik für alle : Find
    • b
    • Ciąg dalszy tytułu (NP)
    • repetytorium gramatyczne języka niemieckiego / Find
    • c
    • Pozostałe elementy strefy tytułu i oznaczenia odpowiedzialności (NP)
    • Katarzyna Matusiak, Guido Heitkötter ; red. nauk. Maciej Ganczar.
260 -Strefa adresu wydawniczego [ , ]
    • a
    • Miejsce wydania (P)
    • Warszawa :
    • b
    • Nazwa wydawcy (P)
    • Wydawnictwo Poltex,
    • c
    • Data wydania (P)
    • 2011.
300 -Strefa opisu fizycznego [ , ]
    • a
    • Określenie formy książki i/lub objętość (NP)
    • 311 s. :
    • b
    • Oznaczenie ilustracji (NP)
    • il. ;
    • c
    • Format (NP)
    • 24 cm.
336 -Typ zawartości [ , ]
    • a
    • Termin opisujący typ zawartości
    • Tekst
    • b
    • Kod określający zawartość
    • txt
    • 2
    • Źródło (terminu i kodu)
    • rdacontent
337 -Typ mediów [ , ]
    • a
    • Tryb odtwarzania
    • Bez urządzenia pośredniczącego
    • b
    • Kod typu mediów
    • n
    • 2
    • Źródło (terminu i kodu)
    • rdamedia
338 -Typ/rodzaj nośnika [ , ]
    • a
    • Hasło opisujące typ nośnika
    • Wolumin
    • b
    • Kod typu nośnika
    • nc
    • 2
    • Źródło (terminu i kodu)
    • rdacarrier
490 -Strefa serii i książki wielotomowej - forma nie do wyszukiwania [1, ]
    • a
    • Tytuł (P)
    • Nie Tylko dla Maturzystów Find
830 -Hasło dodatkowe serii i opisu książki wielotomowej - tytuł ujednolicony/tytuł [ ,0]
    • a
    • Tytuł ujednolicony/tytuł (NP)
    • Nie Tylko dla Maturzystów (Warszawa)
    • 9
    • KHW
    • 467992
521 -Uwaga dot. przeznaczenia czytelniczego [8, ]
    • a
    • Uwaga dot. przeznaczenia czytelniczego
    • Dla osób uczących się języka niemieckiego na poziomie od A2 do B1+, dla uczniów trzecich klas gimnazjów, liceum ogólnokształcących, w tym maturzystów.
650 -Hasło przedmiotowe [ ,7]
    • a
    • Hasło przedmiotowe
    • Język niemiecki
    • v
    • Określnik formalny
    • egzaminy maturalne.
    • 2
    • Źródło terminu
    • kaba
    • 9
    • KHW
    • 431040
650 -Hasło przedmiotowe [ ,7]
    • a
    • Hasło przedmiotowe
    • Język niemiecki
    • x
    • Określnik rzeczowy
    • gramatyka
    • v
    • Określnik formalny
    • zadania i ćwiczenia.
    • 2
    • Źródło terminu
    • kaba
    • 9
    • KHW
    • 351099
650 -Hasło przedmiotowe [ ,7]
    • a
    • Hasło przedmiotowe
    • Matura (2005- ).
    • 2
    • Źródło terminu
    • kaba
    • 9
    • KHW
    • 118700
700 -Hasło dodatkowe - nazwa osobowa [1, ]
    • a
    • Nazwa osobowa (NP)
    • Ganczar, Maciej Find
    • d
    • Daty biograficzne (NP)
    • (1976- ).
    • e
    • Określenie rodzaju współpracy
    • Red.
    • 9
    • KHW
    • 19576
700 -Hasło dodatkowe - nazwa osobowa [1, ]
    • a
    • Nazwa osobowa (NP)
    • Heitkötter, Guido. Find
    • 9
    • KHW
    • 467990
710 -Hasło dodatkowe - nazwa ciała zbiorowego [2, ]
    • a
    • Nazwa ciała zbiorowego lub nazwa geograficzna jako pierwszy element (NP)
    • Wydawnictwo Poltext.
    • 4
    • Kod relacji
    • pbl
    • 9
    • KHW
    • 53400
920 -ISBN [ , ]
    • a
    • ISBN
    • 978-83-7561-117-5 Find
Data inwentaryzacji Status udost. Sygnatura Lokalizacja Numer inwentarzowy
2018-10-171GERM. Nauka jęz.-gramatyka 09BMG.19534